<?xml version="1.0" encoding="UTF-8"?>
<collection xmlns="http://www.loc.gov/MARC21/slim">
 <record>
  <leader>01064nam a2200193 i 4500</leader>
  <controlfield tag="001">misc57763</controlfield>
  <controlfield tag="005">20210517204042.0</controlfield>
  <controlfield tag="008">210517s1912    hu      o     0||   hun d</controlfield>
  <datafield tag="040" ind1=" " ind2=" ">
   <subfield code="a">SZTE Miscellanea Repozitórium</subfield>
   <subfield code="b">hun</subfield>
  </datafield>
  <datafield tag="041" ind1=" " ind2=" ">
   <subfield code="a">hun</subfield>
  </datafield>
  <datafield tag="100" ind1="1" ind2=" ">
   <subfield code="a">Tömörkény István</subfield>
  </datafield>
  <datafield tag="245" ind1="1" ind2="2">
   <subfield code="a">A Dugonics-Társaság jelentései </subfield>
   <subfield code="h">[elektronikus dokumentum] :</subfield>
   <subfield code="b">I. : Főtitkári jelentés az 1911-ik évről ; II. : Palócz László és Homor István rendes tagok birálati jelentése Szűcs Mihály rendes tagnak &quot;Szeged mezőgazdasága&quot; cimű, 1000 koronával jutalmazott művéről ; III. : A Dugonics-Társaság tisztviselői, rendes, tiszteletbeli és pártoló tagjai /</subfield>
   <subfield code="c"> Tömörkény István</subfield>
  </datafield>
  <datafield tag="260" ind1=" " ind2=" ">
   <subfield code="a">Dugonics Társaság</subfield>
   <subfield code="b">Szeged, Magyarország</subfield>
   <subfield code="c">1912</subfield>
  </datafield>
  <datafield tag="300" ind1=" " ind2=" ">
   <subfield code="a">40 p.</subfield>
   <subfield code="c">20 cm</subfield>
  </datafield>
  <datafield tag="650" ind1=" " ind2="4">
   <subfield code="a">Bölcsészettudományok</subfield>
  </datafield>
  <datafield tag="650" ind1=" " ind2="4">
   <subfield code="a">Nyelvek és irodalom</subfield>
  </datafield>
  <datafield tag="650" ind1=" " ind2="4">
   <subfield code="a">Általános irodalomtudományok</subfield>
  </datafield>
  <datafield tag="695" ind1=" " ind2=" ">
   <subfield code="a">Egyesület - irodalmi - Magyarország - regionális, Szeged - irodalmi élet - 1911</subfield>
  </datafield>
  <datafield tag="856" ind1="4" ind2="0">
   <subfield code="u">http://misc.bibl.u-szeged.hu/57763/1/xa_20960.pdf</subfield>
   <subfield code="z">Dokumentum-elérés </subfield>
  </datafield>
 </record>
</collection>
